000 00815nam a22002890a 4500
001 PT60938
003 AR-LpoUNG
005 20210131232019.0
008 191001s2010||||ag |||||||||||||||||spa d
020 _a9789872578015
_c$10
040 _aAR-LpoUNG
_bspa
_cAR-LpoUNG
_eaacr
041 _aspa
044 _aag
082 0 _a808.068 3 18and
100 1 _aEcheverría, Iñaki
245 1 3 _aEl andarín de la noche
250 _a1ra. ed.
260 _aBuenos Aires :
_bManoescrita,
_c2010.
300 _a[22] p. :
_bil.
505 0 _aFragmento de la obra original Sueño de una noche de verano de William Shakespeare.
505 0 _aSugerido a partir de 6 años (etiqueta AMARILLA)
650 4 _aCUENTOS
650 4 _aLITERATURA
653 _aLITERATURA INFANTIL
905 _a60938
942 _cLIB
999 _c13231
_d13231